[Event "ICS rated standard match"]
[Site "204.178.125.65"]
[Date "2000.12.07"]
[Round "?"]
[White "BrazilianMaster"]
[Black "Hossa"]
[Result "1-0"]
[WhiteElo "2645"]
[BlackElo "2329"]
[PlyCount "121"]
[EventDate "2000.??.??"]

1. e4 e6 2. d3 d5 3. Nd2 Nc6 4. Ngf3 Bc5 5. c3 dxe4 6. Nxe4 Bb6 7. d4 f5 8. Ng3
Nf6 9. Bc4 O-O 10. Nxf5 Na5 11. Qe2 Nxc4 12. Qxc4 Kh8 13. Ne3 Bd7 14. a4 c6 15.
Ne5 Bc7 16. O-O Nd5 17. a5 Qh4 18. g3 Qe7 19. N3g4 Be8 20. b3 Bd6 21. a6 b5 22.
Qd3 c5 23. Re1 cxd4 24. cxd4 Nb4 25. Qe4 Rb8 26. h4 Bh5 27. Be3 Rb6 28. Bg5 Qe8
29. Bd2 Nxa6 30. Ba5 Rb8 31. Nd3 Nc7 32. Bxc7 Bxc7 33. Rxa7 Bg6 34. Qe3 Rf7 35.
Ra2 Bxd3 36. Qxd3 Rf8 37. Rae2 Rb6 38. d5 Qh5 39. dxe6 Qxg4 40. e7 Re8 41. Qd8
Qh5 42. Qxc7 Rf6 43. Rd2 Qf5 44. Qd8 Rg8 45. e8=Q Rff8 46. Re3 Qb1+ 47. Kg2 Qf5
48. Qdd7 Qf6 49. Qe4 Rf7 50. Qdd3 Qh6 51. Qed5 Rff8 52. Re6 Rf6 53. Rxf6 Qxf6
54. Q5e4 Qh6 55. Qd8 Qg6 56. Qxg8+ Kxg8 57. Rd8+ Kf7 58. Qe8+ Kf6 59. Rd6+ Kf5
60. Qxb5+ Ke4 61. Qd5# {Hossa checkmated} 1-0

[Event "ICS rated blitz match"]
[Site "204.178.125.65"]
[Date "2000.12.07"]
[Round "?"]
[White "stuartm"]
[Black "Hossa"]
[Result "0-1"]
[WhiteElo "2148"]
[BlackElo "2498"]
[PlyCount "58"]
[EventDate "2000.??.??"]

1. d4 d5 2. Bf4 c5 3. dxc5 Nc6 4. Nf3 f6 5. c4 d4 6. e3 e5 7. Bg3 dxe3 8. Qxd8+
Nxd8 9. fxe3 Bxc5 10. Nc3 Ne7 11. O-O-O Bxe3+ 12. Kb1 Bg4 13. Be2 Rc8 14. Nb5
Nf5 15. Nh4 Bxe2 16. Nxf5 Bxd1 17. Nfd6+ Kf8 18. Nxc8 Be2 19. Ncd6 Bd3+ 20. Ka1
a6 21. Nc7 Bc5 22. Nc8 Kf7 23. Rd1 Bxc4 24. Rd7+ Kg6 25. Ne7+ Bxe7 26. Rxe7 Bf1
27. h4 Nc6 28. Rd7 Rd8 29. Ne6 Rxd7 {stuartm resigns} 0-1

[Event "ICS rated blitz match"]
[Site "204.178.125.65"]
[Date "2000.12.07"]
[Round "?"]
[White "Hossa"]
[Black "Colorado"]
[Result "0-1"]
[WhiteElo "2502"]
[BlackElo "2715"]
[PlyCount "118"]
[EventDate "2000.??.??"]

1. e4 e5 2. Nf3 Nf6 3. Nxe5 d6 4. Nf3 Nxe4 5. d4 d5 6. Bd3 Nc6 7. O-O Be7 8.
Re1 Bg4 9. c3 f5 10. Qb3 O-O 11. Qxb7 Rf6 12. Bf4 Rb8 13. Qxc7 Qxc7 14. Bxc7
Rxb2 15. Re2 Rb7 16. Bg3 f4 17. Bxe4 dxe4 18. Rxe4 Bxf3 19. Rxf4 Bd5 20. a4 Re6
21. Nd2 Re2 22. Nf1 Reb2 23. Rf5 Be6 24. Rh5 R7b3 25. Re1 Bf7 26. Rb5 Rxb5 27.
axb5 Rxb5 28. Ne3 Bf6 29. Bd6 Rb2 30. g3 a5 31. Kg2 Rd2 32. Kf3 a4 33. h3 h6
34. Rb1 Bb3 35. Bc5 Kf7 36. h4 g6 37. h5 gxh5 38. Rh1 Kg6 39. Bd6 Na7 40. Bb4
Nb5 41. Rg1 a3 42. Rb1 a2 43. Ra1 Bg5 44. Ba5 Na3 45. c4 Rxd4 46. c5 Nc4 47.
Be1 Nxe3 48. fxe3 Rd1 49. Bc3 Rxa1 50. Bxa1 Bf6 51. c6 Bxa1 52. c7 Bd5+ 53. e4
Be6 54. Kf4 Bc3 55. Kf3 a1=Q 56. c8=B Qf1+ 57. Ke3 Bxc8 58. e5 Bb7 59. g4 Qf3#
{Hossa checkmated} 0-1

[Event "ICS rated blitz match"]
[Site "204.178.125.65"]
[Date "2000.12.07"]
[Round "?"]
[White "QuarkX"]
[Black "Hossa"]
[Result "0-1"]
[WhiteElo "2362"]
[BlackElo "2495"]
[PlyCount "130"]
[EventDate "2000.??.??"]

1. e4 e6 2. Nf3 d5 3. e5 Nd7 4. Be2 c5 5. c3 f6 6. exf6 Ngxf6 7. d4 Bd6 8. Ng5
e5 9. Ne6 Qe7 10. dxc5 Nxc5 11. Nxc5 Bxc5 12. O-O O-O 13. Bg5 Be6 14. Qa4 Qf7
15. Nd2 Bf5 16. Nf3 Ne4 17. Nxe5 Qe6 18. Bf4 g5 19. Nd3 gxf4 20. Qb3 Qc6 21.
Rad1 Bd6 22. Nb4 Bxb4 23. Qxb4 a5 24. Qb3 Be6 25. Rd4 Rf7 26. Rfd1 Nc5 27. Qa3
Rg7 28. Rxf4 Qc7 29. Rfd4 Rf8 30. Bh5 Rg5 31. Be2 Bh3 32. g3 Ne4 33. Rxd5 Rxd5
34. Qb3 Be6 35. Rxd5 Qf7 36. Qb6 Bxd5 37. f3 Nd2 38. Qe3 Nxf3+ 39. Bxf3 Qxf3
40. Qxf3 Rxf3 41. a3 Rd3 42. Kf1 Rd2 43. b4 axb4 44. cxb4 Rxh2 45. a4 Rg2 46.
Ke1 Rxg3 47. Kd2 Rb3 48. b5 Bc4 49. b6 Rxb6 50. Kc3 Be6 51. Kd4 Ra6 52. Kc5 h5
53. a5 h4 54. Kd4 h3 55. Ke4 Rxa5 56. Kf3 h2 57. Kg2 h1=Q+ 58. Kxh1 Rg5 59. Kh2
b5 60. Kh1 b4 61. Kh2 b3 62. Kh1 b2 63. Kh2 Rg7 64. Kh1 b1=Q+ 65. Kh2 Qh7# {
QuarkX checkmated} 0-1

[Event "ICS rated blitz match"]
[Site "204.178.125.65"]
[Date "2000.12.07"]
[Round "?"]
[White "Hossa"]
[Black "QuarkX"]
[Result "1-0"]
[WhiteElo "2505"]
[BlackElo "2352"]
[PlyCount "85"]
[EventDate "2000.??.??"]

1. e4 e5 2. Bc4 Nf6 3. d3 c6 4. Nf3 d5 5. Bb3 Bg4 6. h3 Bxf3 7. Qxf3 a5 8. a4
dxe4 9. dxe4 Nbd7 10. Nc3 Bb4 11. O-O Qb6 12. Bd2 O-O 13. Qf5 Nc5 14. Bc4 Rad8
15. Bg5 Bxc3 16. Bxf6 gxf6 17. bxc3 Qc7 18. Rfe1 Rd6 19. Qh5 Nxa4 20. Re3 Kh8
21. Rg3 Nc5 22. Qg4 Ne6 23. Qh4 Ng5 24. Bd3 Rfd8 25. Qh5 b6 26. c4 R8d7 27. Qh6
Qd8 28. Be2 Rd4 29. Bd3 Ne6 30. Rb1 Rb7 31. Rd1 Rxc4 32. Be2 Rd4 33. Rxd4 exd4
34. Bd3 Ng5 35. h4 Ne6 36. e5 f5 37. Bxf5 Ng5 38. Rxg5 f6 39. exf6 Qe8 40. Be6
Qf7 41. Bxf7 Rxf7 42. Rg7 a4 43. Qxh7# {QuarkX checkmated} 1-0

[Event "ICS rated blitz match"]
[Site "204.178.125.65"]
[Date "2000.12.07"]
[Round "?"]
[White "Hossa"]
[Black "ChesterX"]
[Result "0-1"]
[WhiteElo "2514"]
[BlackElo "2561"]
[PlyCount "206"]
[EventDate "2000.??.??"]

1. e4 d5 2. exd5 Nf6 3. d4 Nxd5 4. c4 Nb6 5. Nf3 Bg4 6. c5 N6d7 7. h3 Bxf3 8.
Qxf3 Nc6 9. Bc4 e6 10. Be3 Na5 11. Bb5 a6 12. Ba4 Rb8 13. O-O Be7 14. Qe2 O-O
15. b4 Nc6 16. Bxc6 bxc6 17. Qxa6 Rxb4 18. Nc3 Qa8 19. Qxa8 Rxa8 20. Rfd1 Rab8
21. g3 Bf6 22. Rd3 e5 23. Ne4 Be7 24. Rdd1 f5 25. dxe5 Nxe5 26. Nd2 Rd8 27. Nb3
Rd5 28. Kg2 Bf6 29. Bd4 Nd7 30. Bxf6 Nxf6 31. Rdc1 Ne4 32. Rc2 Rb5 33. Rac1 Kf7
34. f3 Nf6 35. Rc4 Rd3 36. Rf4 Kg6 37. Re1 Nd5 38. Rh4 Nb4 39. a4 Rb8 40. Nd4
Rd2+ 41. Re2 Rxe2+ 42. Nxe2 Nd3 43. Nf4+ Nxf4+ 44. Rxf4 Rb2+ 45. Kf1 Rc2 46. g4
fxg4 47. Rxg4+ Kf7 48. Rf4+ Ke6 49. Re4+ Kf6 50. Rf4+ Ke7 51. Rh4 h6 52. Re4+
Kd8 53. Re5 Kd7 54. Kg1 Rc4 55. a5 Ra4 56. Kf2 g6 57. a6 Rxa6 58. h4 Ra2+ 59.
Kg3 Rd2 60. Re4 Rd5 61. Rg4 g5 62. Rc4 gxh4+ 63. Rxh4 h5 64. Rc4 Rf5 65. Rc2
Ke6 66. Kf2 h4 67. Rc4 Rh5 68. Rc1 Kd5 69. Ra1 Rh8 70. Rc1 Ra8 71. Kg2 Rg8+ 72.
Kh3 Rg3+ 73. Kxh4 Rxf3 74. Kg4 Rf2 75. Kg3 Rb2 76. Kf4 Kd4 77. Kf5 Re2 78. Kf4
Re4+ 79. Kf3 Re3+ 80. Kf4 Re8 81. Rc2 Re1 82. Kg5 Re5+ 83. Kf4 Re4+ 84. Kf3 Re1
85. Kf4 Rf1+ 86. Kg4 Rb1 87. Kf5 Kd5 88. Rd2+ Kxc5 89. Rc2+ Kb5 90. Kf4 c5 91.
Rc3 c4 92. Rc2 c3 93. Kf5 Kb4 94. Kf4 Kb3 95. Re2 c2 96. Re3+ Ka4 97. Kf5 c1=Q
98. Re4+ Kb5 99. Re8 Qf4+ 100. Ke6 Re1+ 101. Kd7 Qd6+ 102. Kc8 Rxe8+ 103. Kb7
Qb6# {Hossa checkmated} 0-1

[Event "ICS rated standard match"]
[Site "204.178.125.65"]
[Date "2000.12.07"]
[Round "?"]
[White "Hossa"]
[Black "QuarkX"]
[Result "1-0"]
[WhiteElo "2325"]
[BlackElo "2189"]
[PlyCount "153"]
[EventDate "2000.??.??"]

1. e4 e5 2. Bc4 Nf6 3. d3 c6 4. Nf3 d5 5. Bb3 Bg4 6. h3 Bxf3 7. Qxf3 a5 8. a4
dxe4 9. dxe4 Nbd7 10. Nc3 Bb4 11. O-O O-O 12. Na2 Bd6 13. Nc3 Nc5 14. Bc4 Qb6
15. Bg5 Be7 16. b3 Rfd8 17. Qf5 Qb4 18. Na2 Qb6 19. Be3 Bd6 20. Rfd1 Qc7 21.
Nc3 Ncd7 22. Ne2 Nc5 23. Ng3 Qe7 24. Qf3 Qc7 25. Bg5 Be7 26. Nf5 Rxd1+ 27. Rxd1
Kf8 28. Bxf6 Bxf6 29. Nd6 Ne6 30. Bxe6 fxe6 31. Rd3 Rd8 32. Nc4 Rxd3 33. Qxd3
b5 34. axb5 cxb5 35. Qd6+ Qxd6 36. Nxd6 b4 37. Nb7 Ke7 38. Kf1 g5 39. Nxa5 Kd6
40. Ke2 Kc5 41. Kd3 h6 42. Nc4 Kc6 43. c3 Kc5 44. cxb4+ Kxb4 45. Kc2 Bg7 46. f3
Bf6 47. Nd6 Kc5 48. Nf7 Bg7 49. Kc3 Kc6 50. Nd8+ Kd7 51. Nb7 Kc6 52. Na5+ Kb5
53. Nc4 Kc6 54. b4 Kb5 55. Kb3 h5 56. Nd6+ Kc6 57. Nf7 Bf6 58. Kc4 Kb7 59. Kb5
Kc7 60. Ka6 Kd7 61. b5 g4 62. b6 gxf3 63. gxf3 Ke7 64. Nh6 Bg7 65. Ng4 hxg4 66.
fxg4 Bh6 67. b7 Kd7 68. b8=Q Bf4 69. h4 Bg3 70. g5 Bf4 71. g6 Bh6 72. Kb7 Bf8
73. Qc7+ Ke8 74. Qf7+ Kd8 75. g7 Bxg7 76. Kc6 Bf6 77. Qf8# {QuarkX checkmated}
1-0

[Event "ICS rated blitz match"]
[Site "204.178.125.65"]
[Date "2000.12.07"]
[Round "?"]
[White "Colorado"]
[Black "Hossa"]
[Result "1-0"]
[WhiteElo "2742"]
[BlackElo "2500"]
[PlyCount "119"]
[EventDate "2000.??.??"]

1. e4 c5 2. Nf3 Nc6 3. d4 cxd4 4. Nxd4 Nf6 5. Nc3 e5 6. Ndb5 d6 7. Nd5 Nxd5 8.
exd5 Ne7 9. c4 Nf5 10. Bd3 Be7 11. O-O a6 12. Nc3 O-O 13. f4 f6 14. Be4 Bd7 15.
Qd3 Qb6+ 16. Rf2 g6 17. Ne2 Qc5 18. Bd2 b5 19. cxb5 Bxb5 20. Qc3 Qxc3 21. Nxc3
Bd7 22. Raf1 Rab8 23. b3 Nd4 24. fxe5 fxe5 25. Bd3 Rxf2 26. Kxf2 Ra8 27. Be3
Nb5 28. Rc1 Rc8 29. Ne4 Rxc1 30. Bxc1 Bf5 31. Bd2 h5 32. Ke3 Nc7 33. Bc4 Bc8
34. Bb4 Ne8 35. g3 Kf7 36. a4 Ng7 37. Kd3 Nf5 38. h3 Kg7 39. g4 hxg4 40. hxg4
a5 41. Bxa5 Nh6 42. Bc7 Nf7 43. a5 Bxg4 44. a6 Bc8 45. b4 Bh4 46. a7 Bb7 47.
Nxd6 Nxd6 48. Bxd6 Bg3 49. Ke4 Bf2 50. Bxe5+ Kf7 51. Bd4 g5 52. Bxf2 Ba8 53.
Bb5 Bb7 54. Bc6 Bc8 55. a8=Q Bd7 56. Bxd7 Kg7 57. Bd4+ Kg6 58. Qe8+ Kh6 59.
Qh8+ Kg6 60. Be8# {Hossa checkmated} 1-0

[Event "ICS rated blitz match"]
[Site "204.178.125.65"]
[Date "2000.12.07"]
[Round "?"]
[White "Hossa"]
[Black "Colorado"]
[Result "0-1"]
[WhiteElo "2494"]
[BlackElo "2748"]
[PlyCount "176"]
[EventDate "2000.??.??"]

1. e4 e5 2. Bc4 Nf6 3. d3 Nc6 4. Nf3 Bc5 5. c3 d6 6. O-O O-O 7. b4 Bb6 8. Qb3
Bg4 9. Ng5 Qd7 10. a4 a5 11. Be3 axb4 12. Bxb6 cxb6 13. cxb4 Nd4 14. Qb2 h6 15.
f3 hxg5 16. fxg4 Nxg4 17. Nc3 Ne3 18. Rf2 g4 19. Ba2 Rac8 20. Re1 Qc7 21. Nd5
Nxd5 22. Bxd5 Kh8 23. Ref1 f6 24. Qb1 Ra8 25. Qe1 Kh7 26. Ra2 Kg6 27. Qh4 Qc8
28. h3 Rh8 29. Qxg4+ Qxg4 30. hxg4 Nc6 31. Rb1 Kg5 32. Rc2 Rhc8 33. Ra2 Rcb8
34. Kf2 Kxg4 35. Be6+ Kg5 36. Bd5 f5 37. exf5 Kxf5 38. Ke3 g6 39. Raa1 Kg5 40.
Ra2 Ne7 41. Bf3 Nf5+ 42. Kd2 Nd4 43. Bd5 Ra7 44. Rba1 Rf8 45. Kc3 Raa8 46. Kd2
Rac8 47. Kd1 Rc7 48. g3 Kg4 49. Kd2 Nc2 50. Be6+ Kg5 51. Rxc2 Rf2+ 52. Ke3
Rcxc2 53. Ke4 Rb2 54. b5 Rb4+ 55. Ke3 Rf8 56. Bc4 Ra8 57. Rf1 Rbxa4 58. Ke4 Rc8
59. Kd5 e4 60. Kxe4 Rc5 61. Ke3 d5 62. Bb3 Rg4 63. Kf2 Rb4 64. Bd1 Rc1 65. Ke2
d4 66. Kd2 Ra1 67. Rf7 Rxb5 68. Rxb7 Ra2+ 69. Kc1 Rc5+ 70. Kb1 Rd2 71. Ba4 Rxd3
72. Rxb6 Rxg3 73. Rd6 d3 74. Kb2 Rg2+ 75. Ka3 d2 76. Kb4 Rc1 77. Ka5 Rg4 78.
Bb3 Rg3 79. Rd5+ Kf4 80. Rd4+ Ke5 81. Rb4 Rxb3 82. Rxb3 Ra1+ 83. Kb5 d1=Q 84.
Re3+ Kd5 85. Re4 Qc2 86. Rd4+ Kxd4 87. Kb6 Rb1+ 88. Ka6 Qa2# {Hossa checkmated}
0-1

[Event "ICS rated blitz match"]
[Site "204.178.125.65"]
[Date "2000.12.07"]
[Round "?"]
[White "PostModernist"]
[Black "Hossa"]
[Result "1/2-1/2"]
[WhiteElo "2611"]
[BlackElo "2488"]
[PlyCount "154"]
[EventDate "2000.??.??"]

1. d4 d5 2. Nf3 Nf6 3. e3 Bf5 4. c4 c6 5. cxd5 cxd5 6. Qb3 Qc7 7. Bd2 e6 8. Nc3
Nc6 9. Rc1 a6 10. Ne5 Bd6 11. Nxc6 bxc6 12. Na4 Ne4 13. Qb6 Nxd2 14. Qxc7 Bxc7
15. Kxd2 e5 16. Rxc6 Ba5+ 17. Nc3 Rb8 18. b3 exd4 19. exd4 Rc8 20. Rxc8+ Bxc8
21. Kc2 Bb6 22. Nxd5 Bxd4 23. Bxa6 Bxa6 24. Nc7+ Ke7 25. Re1+ Kd6 26. Nxa6 Bxf2
27. Rf1 Bh4 28. Rxf7 Ra8 29. Rxg7 Rxa6 30. Rxh7 Rc6+ 31. Kd1 Bg5 32. a4 Rc1+
33. Ke2 Bf6 34. Rb7 Be5 35. h4 Rh1 36. Rh7 Rb1 37. a5 Rb2+ 38. Kd1 Rxg2 39. a6
Rb2 40. Rb7 Ra2 41. Rb6+ Kc5 42. Rg6 Kd4 43. h5 Kd3 44. Ke1 Bd4 45. Kf1 Rf2+
46. Kg1 Rf5+ 47. Kg2 Rxh5 48. Rg3+ Kc2 49. Rg4 Rd5 50. b4 Kc3 51. Rf4 Rb5 52.
Rf7 Rg5+ 53. Kf3 Kd3 54. Rb7 Rf5+ 55. Kg4 Ke4 56. Re7+ Be5 57. a7 Rf8 58. b5
Rg8+ 59. Kh4 Kf4 60. Rf7+ Ke3 61. b6 Bd4 62. Rb7 Rh8+ 63. Kg4 Bxb6 64. Rxb6
Rg8+ 65. Kf5 Ra8 66. Rb7 Kd4 67. Ke6 Kc5 68. Kd7 Rf8 69. Ke7 Rg8 70. Ke6 Rg6+
71. Kd7 Rg7+ 72. Ke8 Rg8+ 73. Kf7 Rh8 74. Rd7 Kb6 75. Kg7 Ra8 76. Kf7 Rxa7 77.
Rxa7 Kxa7 {Game drawn because neither player has mating material} 1/2-1/2

[Event "ICS rated blitz match"]
[Site "204.178.125.65"]
[Date "2000.12.07"]
[Round "?"]
[White "Hossa"]
[Black "Colorado"]
[Result "0-1"]
[WhiteElo "2493"]
[BlackElo "2754"]
[PlyCount "84"]
[EventDate "2000.??.??"]

1. e4 e5 2. Bc4 Nf6 3. d3 Nc6 4. Nf3 Be7 5. Nc3 d6 6. a3 O-O 7. O-O Bg4 8. h3
Bh5 9. g4 Bg6 10. Nh4 a6 11. f4 b5 12. Ba2 exf4 13. Nxg6 hxg6 14. Bxf4 Nh7 15.
Bd5 Qd7 16. Qe1 Bf6 17. Be3 Rae8 18. Qd2 Bd4 19. Bxc6 Bxe3+ 20. Qxe3 Qxc6 21.
Rf2 f6 22. Raf1 Qd7 23. Qg3 c6 24. h4 Qe6 25. Ne2 g5 26. hxg5 Nxg5 27. Qh4 d5
28. Nf4 Qd6 29. exd5 Re3 30. dxc6 Qxc6 31. Ng6 Rfe8 32. Rh2 Nf3+ 33. Rxf3 Qxf3
34. Qh7+ Kf7 35. Rg2 Re1+ 36. Kh2 Qf1 37. Nh8+ Rxh8 38. Qxh8 Qf4+ 39. Rg3 Re2+
40. Kh1 Qf1+ 41. Rg1 Qf3+ 42. Rg2 Qxg2# {Hossa checkmated} 0-1

[Event "ICS Rated standard match"]
[Site "204.178.125.65"]
[Date "2000.12.07"]
[Round "?"]
[White "Hossa"]
[Black "BrazilianMaster"]
[Result "0-1"]
[WhiteElo "2335"]
[BlackElo "2649"]
[PlyCount "106"]
[EventDate "2000.??.??"]

1. e4 e5 2. Nc3 Nc6 3. Nf3 Nf6 4. Be2 Bb4 5. O-O O-O 6. Nd5 Bc5 7. Nxf6+ Qxf6
8. c3 a6 9. d3 d6 10. b4 Ba7 11. a4 Qe6 12. Ng5 Qe8 13. b5 axb5 14. axb5 Bxf2+
15. Kxf2 Rxa1 16. bxc6 Qxc6 17. Qb3 Qc5+ 18. Be3 Ra3 19. Qb2 Qxc3 20. Qxc3 Rxc3
21. Bd2 Ra3 22. Bb4 Ra2 23. Ke3 b5 24. Bd2 c5 25. h3 b4 26. Be1 f6 27. Nf3 Be6
28. h4 d5 29. exd5 Bxd5 30. g3 b3 31. Bd2 Re8 32. Nh2 e4 33. Bh5 Re5 34. Bc3
Rxh5 35. dxe4 Rc2 36. Ba1 Rxh2 37. exd5 Rxd5 38. Bc3 Rc2 39. Ke4 Rd7 40. Ba1 b2
41. Bxb2 Rxb2 42. Rc1 Rd4+ 43. Ke3 Rb3+ 44. Kf2 Rd2+ 45. Kf1 c4 46. Ra1 c3 47.
Ra8+ Kf7 48. Ra7+ Kg6 49. h5+ Kh6 50. Ra1 c2 51. Ke1 Rh2 52. g4 Rb1+ 53. Rxb1
cxb1=Q# {Hossa checkmated} 0-1

[Event "ICS rated blitz match"]
[Site "204.178.125.65"]
[Date "2000.12.07"]
[Round "?"]
[White "Hossa"]
[Black "lunarlander"]
[Result "1-0"]
[WhiteElo "2487"]
[BlackElo "1901"]
[PlyCount "135"]
[EventDate "2000.??.??"]

1. e4 c6 2. d4 d5 3. Nc3 dxe4 4. Nxe4 Nd7 5. Nf3 Ngf6 6. Ng3 e6 7. Bd3 c5 8. c3
b6 9. O-O Bb7 10. Bg5 Be7 11. Qe2 O-O 12. Rfd1 Bxf3 13. Qxf3 cxd4 14. cxd4 Nd5
15. Be3 N7f6 16. Rdc1 Rc8 17. Rxc8 Qxc8 18. Rc1 Qb8 19. Ne4 Rc8 20. Rxc8+ Qxc8
21. Bd2 Nxe4 22. Qxe4 Nf6 23. Qe5 h6 24. Qg3 Kf8 25. Bb1 Nd5 26. Qd3 Nf6 27.
Qf3 Ke8 28. Bd3 Kf8 29. Qf4 Nd5 30. Qe4 Nf6 31. Qe1 Qc7 32. Be3 Nd5 33. g3 Bb4
34. Qd1 Nxe3 35. fxe3 Bd6 36. e4 e5 37. d5 Qc5+ 38. Kg2 Qe3 39. a3 Bc5 40. b4
Qf2+ 41. Kh3 Be3 42. Qa4 Qd2 43. Qd7 g5 44. Bb5 Kg7 45. Qc7 Bd4 46. Qc4 h5 47.
Qe2 g4+ 48. Kh4 Qxe2 49. Bxe2 Kh6 50. h3 gxh3 51. Kxh3 Be3 52. d6 Bg5 53. d7
Bd8 54. Kg2 Kg5 55. Kf2 h4 56. gxh4+ Kxh4 57. Bc4 f6 58. Be6 Kg5 59. Kf3 a5 60.
b5 Kg6 61. Ke3 Kg7 62. Kd3 Kf8 63. Kc4 Ke7 64. Kd5 Bc7 65. Kc6 Bd8 66. Bf5 Kf8
67. Kb7 Ke7 68. Kc8 {lunarlander resigns} 1-0

[Event "ICS rated blitz match"]
[Site "204.178.125.65"]
[Date "2000.12.07"]
[Round "?"]
[White "QuarkX"]
[Black "Hossa"]
[Result "1/2-1/2"]
[WhiteElo "2342"]
[BlackElo "2488"]
[PlyCount "94"]
[EventDate "2000.??.??"]

1. e4 e5 2. Nf3 Nc6 3. Bc4 Be7 4. Nc3 Nf6 5. O-O d6 6. Qe2 Bg4 7. Qe3 Na5 8.
Be2 O-O 9. d4 Nc6 10. dxe5 dxe5 11. Rd1 Qc8 12. Nd5 Bd8 13. Nxf6+ Bxf6 14. Qc5
Be7 15. Qb5 a6 16. Qb3 Be6 17. Qc3 Bb4 18. Qe3 f6 19. Bd2 Rd8 20. Bxb4 Nxb4 21.
Qc5 Nc6 22. Bc4 Rd6 23. Rxd6 cxd6 24. Bxe6+ Qxe6 25. Qb6 Rb8 26. Nd2 f5 27. c4
Qh6 28. Rd1 Qe6 29. exf5 Qxf5 30. Nf1 Qd7 31. Ne3 Rf8 32. Rd2 Rf4 33. Rc2 Nd4
34. Rd2 Qc6 35. Qa7 Rf8 36. b3 Qe4 37. Rb2 Nf5 38. Qb6 Qd3 39. h3 Qc3 40. Rb1
Nxe3 41. fxe3 Qd3 42. Rb2 Qf1+ 43. Kh2 Qc1 44. Re2 Qd1 45. Rb2 Qc1 46. Re2 Qd1
47. Rb2 Qc1 {Game drawn by repetition} 1/2-1/2

[Event "ICS rated blitz match"]
[Site "204.178.125.65"]
[Date "2000.12.07"]
[Round "?"]
[White "Colorado"]
[Black "Hossa"]
[Result "1-0"]
[WhiteElo "2796"]
[BlackElo "2472"]
[PlyCount "55"]
[EventDate "2000.??.??"]

1. d4 d5 2. c4 e6 3. Nc3 c5 4. cxd5 exd5 5. Nf3 Nc6 6. g3 cxd4 7. Nxd4 Qb6 8.
Nxc6 bxc6 9. Bg2 Bf5 10. O-O Nf6 11. Bg5 Qxb2 12. Bxf6 gxf6 13. Nxd5 Rc8 14.
Qa4 Bd7 15. Nf4 Qb6 16. Rfd1 Bc5 17. Qe4+ Kd8 18. Rab1 Qc7 19. Bh3 Bd6 20. Qd4
Ke8 21. Bxd7+ Kxd7 22. Qxf6 Rhf8 23. Rb7 Rcd8 24. Qxd6+ Ke8 25. Qxc7 Rxd1+ 26.
Kg2 Rg1+ 27. Kxg1 c5 28. Rb8# {Hossa checkmated} 1-0

[Event "ICS rated blitz match"]
[Site "204.178.125.65"]
[Date "2000.12.07"]
[Round "?"]
[White "Hossa"]
[Black "salzi"]
[Result "1-0"]
[WhiteElo "2468"]
[BlackElo "2015"]
[PlyCount "26"]
[EventDate "2000.??.??"]

1. e4 c5 2. Nf3 d6 3. d4 cxd4 4. Nxd4 Nf6 5. Nc3 a6 6. Be2 e5 7. Nb3 Be7 8. O-O
O-O 9. Be3 Be6 10. Nd5 Nxd5 11. exd5 Bf5 12. c4 Nd7 13. f4 Bg6 {salzi resigns}
1-0

[Event "ICS Rated blitz match"]
[Site "204.178.125.65"]
[Date "2000.12.07"]
[Round "?"]
[White "ChesterX"]
[Black "Hossa"]
[Result "1-0"]
[WhiteElo "2577"]
[BlackElo "2470"]
[PlyCount "181"]
[EventDate "2000.??.??"]

1. d4 d5 2. c4 e6 3. Nf3 Nf6 4. Nc3 Be7 5. Qc2 Nc6 6. cxd5 exd5 7. Bf4 O-O 8.
Qb3 Na5 9. Qc2 Nh5 10. Bd2 Be6 11. e3 Nc6 12. Bd3 g6 13. a3 Bf6 14. O-O a6 15.
Na4 Bg4 16. Nc5 Qc8 17. Qb3 b6 18. Nxa6 Rxa6 19. Bxa6 Qxa6 20. Rfc1 Na7 21.
Rxc7 Bd8 22. Rc2 Qb7 23. Rac1 Bf5 24. Rc3 Nf6 25. Ng5 h6 26. Nh3 b5 27. Qd1 Ne4
28. Rb3 Bxh3 29. gxh3 Bh4 30. Be1 Qe7 31. f3 Nd6 32. Bb4 Re8 33. Bxd6 Qxd6 34.
Rbc3 Qe6 35. Qf1 Bg5 36. Kg2 Qf5 37. f4 Bd8 38. Qd3 Qh5 39. b3 Re6 40. R3c2 Qh4
41. Rc5 Rd6 42. Qe2 Bb6 43. R5c3 g5 44. f5 Qe4+ 45. Qf3 Rf6 46. Qxe4 dxe4 47.
Rf1 Nc6 48. a4 b4 49. Rc4 Ne7 50. Re1 Kh7 51. Re2 Nd5 52. Rc8 Rxf5 53. Re8 Bc7
54. Re1 Bd6 55. a5 Nc3 56. Ra1 Nb5 57. a6 Na7 58. Ra8 Nb5 59. a7 Nxa7 60. R1xa7
Kg7 61. Re8 Rf6 62. Rxe4 Rg6 63. Re8 h5 64. e4 Bf4 65. e5 Kh6 66. d5 Rb6 67.
Rxf7 Kg6 68. e6 Rb8 69. Rxb8 Bxb8 70. Rh7 Kxh7 71. e7 Kg7 72. e8=Q Bf4 73. Qxh5
Kf6 74. Qh6+ Ke7 75. Qe6+ Kf8 76. h4 Kg7 77. Qe7+ Kg8 78. hxg5 Bxg5 79. Qxg5+
Kf7 80. d6 Ke6 81. d7 Kxd7 82. Qg4+ Kd6 83. Qxb4+ Ke5 84. Qa5+ Kf6 85. Kf3 Kf7
86. Ke4 Ke6 87. Qe5+ Kd7 88. Kd5 Kc8 89. Qe7 Kb8 90. Kc6 Kc8 91. Qe8# {
Hossa checkmated} 1-0

[Event "ICS rated blitz match"]
[Site "204.178.125.65"]
[Date "2000.12.07"]
[Round "?"]
[White "Hossa"]
[Black "PostModernist"]
[Result "0-1"]
[WhiteElo "2459"]
[BlackElo "2573"]
[PlyCount "116"]
[EventDate "2000.??.??"]

1. e4 c5 2. Nf3 Nc6 3. d4 cxd4 4. Nxd4 Nf6 5. Nc3 d6 6. Bg5 e6 7. Qd2 a6 8.
O-O-O h6 9. Bf4 Bd7 10. Nxc6 Bxc6 11. f3 d5 12. Qe1 Bb4 13. a3 Ba5 14. exd5
Nxd5 15. b4 Nxf4 16. Rxd8+ Bxd8 17. Ne4 O-O 18. g3 Nd5 19. c4 Nc7 20. Qf2 Be7
21. Qb6 Rfc8 22. Kd1 f5 23. Nd2 Rd8 24. Qxc7 Bd6 25. Qb6 Bxf3+ 26. Kc2 Bxh1 27.
c5 Rac8 28. Bc4 Bc7 29. Qxe6+ Kh8 30. Qxf5 Rf8 31. Qh5 Rcd8 32. Qe2 Bc6 33. Nb1
Rfe8 34. Qh5 Re1 35. Nc3 Be5 36. Be2 Bf6 37. h4 Ra1 38. Bc4 Rxa3 39. Nd5 Ba4+
40. Kc1 Rxg3 41. Qf5 Rg1+ 42. Kd2 Bxh4 43. Qf7 Rd1+ 44. Ke2 Rc1 45. Ne3 Re1+
46. Kf3 Bc6+ 47. Nd5 Rc1 48. Kg4 Rxc4+ 49. Nf4 Bd5 50. Qg6 Bg5 51. Kh3 Bxf4 52.
Qb1 Be6+ 53. Kg2 Rd2+ 54. Kf1 Bf5 55. Qe1 Bd3+ 56. Kg1 Bh2+ 57. Kh1 Rc1 58.
Qxc1 Be4# {Hossa checkmated} 0-1

[Event "ICS rated blitz match"]
[Site "204.178.125.65"]
[Date "2000.12.07"]
[Round "?"]
[White "Hossa"]
[Black "Esen"]
[Result "1-0"]
[WhiteElo "2444"]
[BlackElo "1983"]
[PlyCount "91"]
[EventDate "2000.??.??"]

1. e4 c6 2. d4 d5 3. Nc3 dxe4 4. Nxe4 Nf6 5. Nxf6+ exf6 6. c3 Be7 7. Bd3 O-O 8.
Qc2 g6 9. Ne2 Bg4 10. O-O Bxe2 11. Bxe2 f5 12. Bh6 Re8 13. Qd2 Bf8 14. Bxf8
Kxf8 15. Qh6+ Kg8 16. Rae1 Nd7 17. Bd3 Qf6 18. Qf4 Qd8 19. Bc2 Nb6 20. Bb3 Qd7
21. Qh6 Rxe1 22. Rxe1 Re8 23. Rd1 Qe7 24. h3 Qf8 25. Qd2 Qe7 26. Qf4 Qe4 27.
Qh6 Qe7 28. a4 a5 29. Qf4 Nd5 30. Qc1 Nb6 31. Qh6 Qf8 32. Qf4 Qe7 33. g3 Nd5
34. Qh6 Qf8 35. Qxf8+ Kxf8 36. Kf1 Nf6 37. d5 c5 38. d6 Rd8 39. Bc4 Ne4 40. d7
b6 41. Bb5 Ke7 42. Re1 Kd6 43. g4 Nf6 44. Re8 Kc7 45. gxf5 Nxd7 46. Re7 {
Esen resigns} 1-0

[Event "ICS rated blitz match"]
[Site "204.178.125.65"]
[Date "2000.12.07"]
[Round "?"]
[White "Dorky"]
[Black "Hossa"]
[Result "1-0"]
[WhiteElo "2435"]
[BlackElo "2446"]
[PlyCount "133"]
[EventDate "2000.??.??"]

1. e4 e6 2. d4 d5 3. Nc3 Bb4 4. e5 c5 5. a3 Bxc3+ 6. bxc3 Ne7 7. Nf3 Qa5 8. Bd2
Qa4 9. Be2 b6 10. O-O Ba6 11. Bg5 Nbc6 12. Bxa6 Qxa6 13. Bxe7 Nxe7 14. dxc5
bxc5 15. Qd3 c4 16. Qd4 O-O 17. g4 Rfb8 18. Qc5 Nc6 19. Rfb1 Rb7 20. Qd6 Rd8
21. Qc5 Rdb8 22. Rxb7 Qxb7 23. Re1 Rc8 24. Qd6 Qb6 25. a4 Rd8 26. Qa3 Qb8 27.
Qc1 Rd7 28. Qe3 Qb2 29. Qc5 Qb7 30. Nd4 Ne7 31. Nb5 Qc8 32. Qxc8+ Nxc8 33. a5
Rb7 34. Nd4 g5 35. a6 Rb6 36. Ra1 Ne7 37. Ra5 Ng6 38. Nb5 Nxe5 39. Nxa7 Nf3+
40. Kg2 Ne1+ 41. Kg3 Rb8 42. Nb5 Ra8 43. a7 Nxc2 44. Ra2 d4 45. Rxc2 d3 46. Ra2
f5 47. Kf3 fxg4+ 48. Kxg4 h6 49. Ra1 d2 50. Kf3 e5 51. Ke2 g4 52. Kxd2 Kf7 53.
Nd6+ Ke6 54. Nxc4 Rd8+ 55. Ke3 Ra8 56. Ra6+ Kf5 57. Nd6+ Kg5 58. Ne4+ Kh5 59.
c4 g3 60. fxg3 Rd8 61. h3 Rd3+ 62. Kf2 Rf3+ 63. Kg2 Rxg3+ 64. Nxg3+ Kg5 65.
a8=Q e4 66. Qxe4 h5 67. h4# {Hossa checkmated} 1-0

[Event "ICS rated blitz match"]
[Site "204.178.125.65"]
[Date "2000.12.07"]
[Round "?"]
[White "Hossa"]
[Black "JohnShaft"]
[Result "1-0"]
[WhiteElo "2429"]
[BlackElo "2228"]
[PlyCount "33"]
[EventDate "2000.??.??"]

1. e4 e6 2. d4 d5 3. Nd2 dxe4 4. Nxe4 Nf6 5. Nxf6+ Qxf6 6. Nf3 h6 7. Bd3 Nd7 8.
Be3 Bd6 9. Nd2 Bb4 10. c3 Be7 11. Ne4 Qh4 12. O-O O-O 13. Re1 b6 14. Qf3 Rb8
15. Bf4 Bd8 16. Bb5 Nf6 17. Bg3 {JohnShaft resigns} 1-0